Základné sociálno-ekonomické charakteristiky nových krajov a okresov Slovenska. 15
Porovnanie základných charakteristík okresov a krajov Slovenska. Žilinský kraj - poľnohospodárstvo, stavebníctvo, školstvo, kultúra, zdravotníctvo a sociálna starostlivosť.
Gespeichert in:
| 1. Verfasser: | |
|---|---|
| Format: | Buchkapitel |
| Sprache: | Slowakisch |
| Schlagworte: | |
| Tags: |
Keine Tags, Fügen Sie das erste Tag hinzu!
|
MARC
| LEADER | 00000naa a2200000 4500 | ||
|---|---|---|---|
| 001 | r026168 | ||
| 005 | 20230921080411.6 | ||
| 041 | 0 | |a slo | |
| 044 | |a SK | ||
| 245 | 1 | 0 | |a Základné sociálno-ekonomické charakteristiky nových krajov a okresov Slovenska. 15 |c M. Rajčák |
| 520 | |a Porovnanie základných charakteristík okresov a krajov Slovenska. Žilinský kraj - poľnohospodárstvo, stavebníctvo, školstvo, kultúra, zdravotníctvo a sociálna starostlivosť. | ||
| 610 | 2 | 0 | |a členenie územné administratívne |
| 610 | 2 | 0 | |a kraje |
| 610 | 2 | 0 | |a okresy |
| 610 | 2 | 0 | |a zákony |
| 610 | 2 | 0 | |a Slovensko |
| 610 | 2 | 0 | |a Žilinský kraj |
| 610 | 2 | 0 | |a poľnohospodárstvo |
| 610 | 2 | 0 | |a stavebníctvo |
| 610 | 2 | 0 | |a školstvo |
| 610 | 2 | 0 | |a kultúra |
| 610 | 2 | 0 | |a zdravotníctvo |
| 610 | 2 | 0 | |a starostlivosť sociálna |
| 100 | 1 | |a Rajčák, Milan | |